|
|
|
|
| LEADER |
01062cam a2200337 i 4500 |
| 001 |
000046079 |
| 003 |
5348 |
| 005 |
20030318162643.0 |
| 008 |
010220|1997 vm 000 eng |
| 020 |
|
|
|a 0471137715
|
| 040 |
|
|
|a IRC
|c IRC
|d IRC
|
| 041 |
0 |
|
|a eng
|
| 082 |
1 |
4 |
|a 620.106
|b YO-D
|
| 100 |
1 |
|
|a Young, Donald F.
|
| 245 |
0 |
2 |
|a A brief introduction to fluid mechanics /
|c Donald F. Young.
|
| 260 |
|
|
|a New York :
|b John Wiley and Sons,
|c 1997.
|
| 300 |
|
|
|a xiii, 492p. :
|b ill. (some col.)
|
| 630 |
0 |
4 |
|a Fluid mechanics.
|
| 650 |
0 |
4 |
|a Fluid mechanics.
|
| OWN |
|
|
|a DUT
|
| AVA |
|
|
|a UDN50
|b DUT
|c Book
|d 620.106 YO-D
|e available
|t Error 5001 Not defined in file expand_doc_bib_avail.
|f 1
|g 0
|h N
|i 0
|j SH
|k 1
|
| 999 |
|
|
|a From the UDN01
|
| AVA |
|
|
|a UDN50
|b DUT
|c Book
|d 620.106 YO-D
|e available
|t Error 5001 Not defined in file expand_doc_bib_avail.
|f 1
|g 0
|h N
|i 0
|j SH
|k 1
|
| TYP |
|
|
|a Monograph
|
| TYP |
|
|
|a Printed language
|
| 980 |
|
|
|a Mạng thư viện Đại học Đà Nẵng
|